000 00590nam a2200193Ia 4500
005 20260114185621.0
008 008 260114s9999 xx 000 0 eng d
020 _a9798400617164
037 _aEBOOK
040 _aCRL
_beng
_cCRL
041 _aeng
_2eng
084 _qCRL
100 _aErin Kenny, Elizabeth Gackstetter Nichols
_9872278
245 0 _aBeauty around the World A Cultural Encyclopedia
260 _bBloomsbury
_c2017
856 _uhttps://doi.org/10.5040/9798400617164?locatt=label:secondary_bloomsburyCollections
942 _cEBOOK
999 _c1471226
_d1471226